000 00717nam a22001577a 4500
003 OSt
005 20150921103723.0
008 150921b xxu||||| |||| 00| 0 eng d
040 _cRUA
082 _aAGR CHH 2006 BO33 Or.1
100 _9995
_aCHHUM, VISETH
245 _aEFFECT OF DIFFERENT MEDIA(PDA,MA,PDASE,PDARBS TO THE GROWTH OF OYSTER MUSHROOM,(ឥទ្ធិពលនៃមជ្ឍដ្ឋានដូចគ្នា (ប៉េដេអា, អឹមអា, ប៉េដេអាអេសអឺ,ប៉េដេអាអ៊ែអេស) លើការលូតលាស់របស់ផ្សិតអំបោះ).
260 _aPHNOM PHEN
_bRUA
_c2006
300 _aXIII,42P.
_bILL.
_c29CM.
942 _2ddc
_cAGR
999 _c955
_d955